<?xml version="1.0" encoding="UTF-8"?>
<collection xmlns="http://www.loc.gov/MARC21/slim">
 <record>
  <leader>01260nam a22002297a 4500</leader>
  <controlfield tag="001">NCT_88130</controlfield>
  <controlfield tag="008">201223b        xxu||||| |||| 00| 0 vie d</controlfield>
  <datafield tag="999" ind1=" " ind2=" ">
   <subfield code="c">4345</subfield>
   <subfield code="d">4345</subfield>
  </datafield>
  <datafield tag="020" ind1=" " ind2=" ">
   <subfield code="a">9780135000953</subfield>
  </datafield>
  <datafield tag="082" ind1="0" ind2="4">
   <subfield code="2">23rd ed.</subfield>
   <subfield code="a">658.562</subfield>
   <subfield code="b">B561</subfield>
  </datafield>
  <datafield tag="100" ind1="1" ind2=" ">
   <subfield code="a">Besterfield, Dale H.</subfield>
  </datafield>
  <datafield tag="245" ind1="1" ind2="0">
   <subfield code="a">Quality control</subfield>
   <subfield code="c">Dale H. Besterfield</subfield>
  </datafield>
  <datafield tag="250" ind1=" " ind2=" ">
   <subfield code="a">8th ed.</subfield>
  </datafield>
  <datafield tag="260" ind1=" " ind2=" ">
   <subfield code="a">New Jersey</subfield>
   <subfield code="b">Pearson Education</subfield>
   <subfield code="c">2009</subfield>
  </datafield>
  <datafield tag="300" ind1=" " ind2=" ">
   <subfield code="a">ix, 540 p.</subfield>
   <subfield code="c">24cm</subfield>
   <subfield code="e">1 CD - ROM</subfield>
  </datafield>
  <datafield tag="500" ind1=" " ind2=" ">
   <subfield code="a">Includes bibliography and index</subfield>
  </datafield>
  <datafield tag="520" ind1="3" ind2=" ">
   <subfield code="a">This book provides fundamental-yet comprehensive-coverage of quality control concepts. Sufficient theory is presented to ensure that readers gain a sound understanding of the basic principles of quality control. The substantial use of probability and statistical techniques is reduced to simple mathematics or is developed in the form of tables and charts. </subfield>
  </datafield>
  <datafield tag="653" ind1=" " ind2=" ">
   <subfield code="a">Quản trị kinh doanh</subfield>
  </datafield>
  <datafield tag="942" ind1=" " ind2=" ">
   <subfield code="2">ddc</subfield>
   <subfield code="c">BK</subfield>
  </datafield>
  <datafield tag="952" ind1=" " ind2=" ">
   <subfield code="0">0</subfield>
   <subfield code="1">0</subfield>
   <subfield code="2">ddc</subfield>
   <subfield code="4">0</subfield>
   <subfield code="6">658_562000000000000_B561</subfield>
   <subfield code="7">0</subfield>
   <subfield code="9">20951</subfield>
   <subfield code="a">000001</subfield>
   <subfield code="b">000001</subfield>
   <subfield code="d">2020-12-23</subfield>
   <subfield code="o">658.562 B561</subfield>
   <subfield code="p">MD.18228</subfield>
   <subfield code="r">2020-12-23</subfield>
   <subfield code="w">2020-12-23</subfield>
   <subfield code="y">BK</subfield>
  </datafield>
  <datafield tag="952" ind1=" " ind2=" ">
   <subfield code="0">0</subfield>
   <subfield code="1">0</subfield>
   <subfield code="2">ddc</subfield>
   <subfield code="4">0</subfield>
   <subfield code="6">658_562000000000000_B561</subfield>
   <subfield code="7">0</subfield>
   <subfield code="9">20952</subfield>
   <subfield code="a">000001</subfield>
   <subfield code="b">000001</subfield>
   <subfield code="d">2020-12-23</subfield>
   <subfield code="o">658.562 B561</subfield>
   <subfield code="p">MD.18229</subfield>
   <subfield code="r">2020-12-23</subfield>
   <subfield code="w">2020-12-23</subfield>
   <subfield code="y">BK</subfield>
  </datafield>
  <datafield tag="980" ind1=" " ind2=" ">
   <subfield code="a">Thư viện Trường Đại học Nam Cần Thơ</subfield>
  </datafield>
 </record>
</collection>
